Technical reporting (Record no. 25413)

MARC details
000 -LEADER
fixed length control field 00351nam a2200145Ia 4500
082 ## - DEWEY DECIMAL CLASSIFICATION NUMBER
Classification number 007
Item number ULM
100 ## - MAIN ENTRY--AUTHOR NAME
Personal name Gould, Jay R
245 #0 - TITLE STATEMENT
Title Technical reporting
250 ## - EDITION STATEMENT
Edition statement Ed.3
260 ## - PUBLICATION, DISTRIBUTION, ETC. (IMPRINT)
Place of publication New York
Name of publisher Holt Rinehart
Year of publication 1972
650 ## - SUBJECT ADDED ENTRY--TOPICAL TERM
Topical Term Technical reporting
700 ## - ADDED ENTRY--PERSONAL NAME
Personal name Ulman, Joseph
942 ## - ADDED ENTRY ELEMENTS (KOHA)
Koha item type Books
Holdings
Withdrawn status Lost status Damaged status Not for loan Home library Current library Date acquired Cost, normal purchase price Full call number Accession Number Koha item type
        RRII Library RRII Library 16/12/2021 12.95 007 ULM 06071 Books